[Event "FICGS rapid B 000389 email"]
[Site "FICGS email"]
[Date "2023.05.22"]
[Round "1"]
[White "Foster, Duncan"]
[Black "Dyson, John"]
[Result "0-1"]
[WhiteElo "1917"]
[BlackElo "2035"]
[PlyCount "68"]
[EventDate "2023.??.??"]
[EventType "tourn (rapid)"]
[EventRounds "6"]
[SourceTitle "Corr 2024"]
[Source "ChessBase"]
[SourceDate "2023.10.19"]
[SourceVersion "1"]
[SourceVersionDate "2023.10.19"]
[SourceQuality "1"]

1. e4 e5 2. Nf3 Nc6 3. d4 exd4 4. Nxd4 Nf6 5. e5 Nxe5 6. Qe2 Qe7 7. Bf4 d6 8. Nc3 Nc6 9. Nxc6 bxc6 10. 0-0-0 Qxe2 11. Bxe2 Kd8 12. Bf3 Bd7 13. Rhe1 h6 14. Be3 Ng4 15. Bf4 g5 16. Bg3 Rb8 17. h3 Nf6 18. Be2 Bg7 19. b3 Nh7 20. Na4 c5 21. Bc4 f5 22. Bxd6 cxd6 23. Rxd6 Bd4 24. Rd1 Rb7 25. c3 Bxf2 26. Rxh6 g4 27. Rd3 g3 28. Bd5 c4 29. bxc4 Rc7 30. Nb2 f4 31. Nd1 Bc5 32. Be4 Re8 33. Bxh7 Re2 34. Rh5 Ba3+ 0-1

[Event "FICGS no engines 122 email"]
[Site "FICGS email"]
[Date "2022.07.17"]
[Round "1"]
[White "Foster, Duncan"]
[Black "Brand Lyard, Paul"]
[Result "1-0"]
[WhiteElo "1911"]
[BlackElo "1476"]
[PlyCount "49"]
[EventDate "2022.??.??"]
[EventType "swiss (corr)"]
[EventRounds "1"]
[SourceTitle "Corr 2024"]
[Source "ChessBase"]
[SourceDate "2023.10.19"]
[SourceVersion "1"]
[SourceVersionDate "2023.10.19"]
[SourceQuality "1"]

1. e4 e5 2. Nf3 Nc6 3. d4 d6 4. d5 Nb8 5. h3 Nf6 6. Bd3 c5 7. Nfd2 Be7 8. Nc3 a5 9. Nc4 0-0 10. a4 g6 11. Bh6 Re8 12. 0-0 Nh5 13. Nb5 Na6 14. f4 Bxh3 15. gxh3 Ng3 16. Rf2 Bh4 17. fxe5 dxe5 18. Qg4 Nxe4 19. Rxf7 Bf2+ 20. Kg2 Qc8 21. Rg7+ Kh8 22. Qxe4 Rf8 23. Rxh7+ Kxh7 24. Qxg6+ Kh8 25. Qg7# 1-0

[Event "FICGS no engines 122 email"]
[Site "FICGS email"]
[Date "2022.07.17"]
[Round "1"]
[White "Tedoldi, Guido"]
[Black "Foster, Duncan"]
[Result "0-1"]
[WhiteElo "1616"]
[BlackElo "1911"]
[PlyCount "46"]
[EventDate "2022.??.??"]
[EventType "swiss (corr)"]
[EventRounds "1"]
[SourceTitle "Corr 2024"]
[Source "ChessBase"]
[SourceDate "2023.10.19"]
[SourceVersion "1"]
[SourceVersionDate "2023.10.19"]
[SourceQuality "1"]

1. c4 f5 2. d4 Nf6 3. Nc3 g6 4. Nf3 Bg7 5. e3 d6 6. Be2 0-0 7. 0-0 Qe8 8. h3 e5 9. d5 Nbd7 10. b4 a5 11. Qb3 axb4 12. Qxb4 Nc5 13. a4 e4 14. Ne1 g5 15. Bd1 Nfd7 16. Nc2 Nd3 17. Qa3 f4 18. Nb4 Nxc1 19. Qxc1 f3 20. g4 Nc5 21. Ra3 Bxg4 22. hxg4 Qd7 23. a5 Qxg4+ 0-1

[Event "FICGS rapid B 000382 email"]
[Site "FICGS email"]
[Date "2022.07.14"]
[Round "1"]
[White "Foster, Duncan"]
[Black "Pech, Stepan"]
[Result "1/2-1/2"]
[WhiteElo "1911"]
[BlackElo "1849"]
[PlyCount "97"]
[EventDate "2022.??.??"]
[EventType "tourn (rapid)"]
[EventRounds "6"]
[SourceTitle "Corr 2024"]
[Source "ChessBase"]
[SourceDate "2023.10.19"]
[SourceVersion "1"]
[SourceVersionDate "2023.10.19"]
[SourceQuality "1"]

1. e4 e5 2. Nf3 Nc6 3. d4 exd4 4. Nxd4 Nf6 5. Nxc6 bxc6 6. e5 Qe7 7. Qe2 Nd5 8. c4 Ba6 9. g3 g6 10. b3 Bg7 11. Bb2 0-0 12. Bg2 Rae8 13. 0-0 Bxe5 14. Bxe5 Qxe5 15. Qxe5 Rxe5 16. cxd5 Bxf1 17. Kxf1 cxd5 18. Na3 c6 19. Nc2 Rfe8 20. Bf3 Kf8 21. Rd1 Rb8 22. Ne3 a5 23. Nc2 Ke7 24. Rd4 Rb5 25. Ne1 Kd6 26. Nd3 Re8 27. h4 f5 28. Ra4 h6 29. Be2 Re4 30. Ra3 c5 31. Nf4 c4 32. Bd1 Rd4 33. Ke1 Rb8 34. Ne2 Re8 35. bxc4 dxc4 36. Rxa5 f4 37. gxf4 Rxf4 38. h5 gxh5 39. Rxh5 Rf6 40. Ra5 Re4 41. Kf1 Rfe6 42. a4 R4e5 43. Ra7 h5 44. Nc3 h4 45. Bg4 Re1+ 46. Kg2 Re7 47. Kh3 Rf1 48. f3 Rh1+ 49. Kg2 1/2-1/2

[Event "FICGS theme 0252 email"]
[Site "FICGS email"]
[Date "2022.03.12"]
[Round "1"]
[White "Brand Lyard, Paul"]
[Black "Foster, Duncan"]
[Result "0-1"]
[WhiteElo "1515"]
[BlackElo "1920"]
[PlyCount "48"]
[EventDate "2022.??.??"]
[EventType "swiss (corr)"]
[EventRounds "1"]
[SourceTitle "Corr 2024"]
[Source "ChessBase"]
[SourceDate "2023.10.19"]
[SourceVersion "1"]
[SourceVersionDate "2023.10.19"]
[SourceQuality "1"]

1. d4 d5 2. Nf3 Nf6 3. c4 e6 4. Nc3 c6 5. Qd3 dxc4 6. Qxc4 b5 7. Qd3 a6 8. g4 Nxg4 9. h3 Nf6 10. Bg5 Bb7 11. Bxf6 gxf6 12. Rg1 Nd7 13. Bg2 Qc7 14. a4 b4 15. Ne4 f5 16. Ng3 Rg8 17. b3 c5 18. dxc5 Nxc5 19. Qc4 Bd5 20. Qxb4 Nd3+ 21. exd3 Bxb4+ 22. Ke2 Qc2+ 23. Ke3 f4+ 24. Kd4 Qc3# 0-1

[Event "FICGS theme 0252 email"]
[Site "FICGS email"]
[Date "2022.03.12"]
[Round "1"]
[White "Goletto, Piero Giuseppe"]
[Black "Foster, Duncan"]
[Result "0-1"]
[WhiteElo "1512"]
[BlackElo "1920"]
[PlyCount "22"]
[EventDate "2022.??.??"]
[EventType "swiss (corr)"]
[EventRounds "1"]
[SourceTitle "Corr 2024"]
[Source "ChessBase"]
[SourceDate "2023.10.19"]
[SourceVersion "1"]
[SourceVersionDate "2023.10.19"]
[SourceQuality "1"]

1. d4 d5 2. Nf3 Nf6 3. c4 e6 4. Nc3 c6 5. Qd3 dxc4 6. Qxc4 b5 7. Qd3 a6 8. g4 Nxg4 9. Ne5 Nxe5 10. Bf4 Nxd3+ 11. Kd2 Nxf2 0-1

[Event "FICGS rapid B 000375 email"]
[Site "FICGS email"]
[Date "2022.02.27"]
[Round "1"]
[White "Pech, Matej"]
[Black "Foster, Duncan"]
[Result "1/2-1/2"]
[WhiteElo "1812"]
[BlackElo "1890"]
[PlyCount "118"]
[EventDate "2022.??.??"]
[EventType "tourn (rapid)"]
[EventRounds "6"]
[SourceTitle "Corr 2024"]
[Source "ChessBase"]
[SourceDate "2023.10.19"]
[SourceVersion "1"]
[SourceVersionDate "2023.10.19"]
[SourceQuality "1"]

1. d4 f5 2. Nf3 d6 3. c4 Nf6 4. Nc3 g6 5. e3 Bg7 6. Be2 0-0 7. 0-0 c6 8. b4 Qe8 9. Bb2 h6 10. d5 Qf7 11. Rc1 a5 12. b5 c5 13. Na4 Nbd7 14. Nh4 b6 15. Bd3 Rb8 16. Qe2 Nh5 17. f4 Bxb2 18. Qxb2 Ndf6 19. Nc3 e5 20. dxe6 Bxe6 21. e4 Bxc4 22. Bxc4 Qxc4 23. Nxg6 Qd4+ 24. Qf2 Qxf2+ 25. Rxf2 Rf7 26. e5 Kh7 27. Nh4 Ng4 28. e6 Re7 29. Nxf5 Rxe6 30. Rf3 Rbe8 31. Rd1 Re1+ 32. Rxe1 Rxe1+ 33. Rf1 Rxf1+ 34. Kxf1 Nxf4 35. g3 Kg6 36. Nh4+ Kh5 37. gxf4 Kxh4 38. Nd5 Nxh2+ 39. Kg2 Ng4 40. Nxb6 Nf6 41. Kf3 d5 42. Na4 Nd7 43. b6 c4 44. b7 Nb8 45. Ke3 Kg4 46. Nc3 d4+ 47. Kxd4 Kxf4 48. Nd5+ Kf3 49. Nf6 Kf4 50. Kxc4 Ke5 51. Ng4+ Kd6 52. Nxh6 Kc7 53. Kb5 Kxb7 54. Kxa5 Nc6+ 55. Kb5 Na7+ 56. Kb4 Kb6 57. Nf5 Nc6+ 58. Kc3 Na7 59. Kb3 Nb5 1/2-1/2

[Event "FICGS W-ch st1 g06 email"]
[Site "FICGS email"]
[Date "2021.07.11"]
[Round "2"]
[White "Broekhuizen, A T S"]
[Black "Foster, Duncan"]
[Result "1-0"]
[WhiteElo "2092"]
[BlackElo "1931"]
[PlyCount "53"]
[EventDate "2021.??.??"]
[EventType "tourn (corr)"]
[EventRounds "8"]
[SourceTitle "Corr 2024"]
[Source "ChessBase"]
[SourceDate "2023.10.19"]
[SourceVersion "1"]
[SourceVersionDate "2023.10.19"]
[SourceQuality "1"]

1. e4 c6 2. Nf3 d5 3. Nc3 Bg4 4. h3 Bxf3 5. Qxf3 Nf6 6. Be2 e6 7. d3 Nbd7 8. 0-0 d4 9. Nb1 Ne5 10. Qg3 Ng6 11. f4 Bc5 12. Nd2 0-0 13. h4 h6 14. h5 Ne7 15. Qh3 Bb6 16. g4 Nh7 17. Nf3 f5 18. g5 hxg5 19. fxg5 Qc7 20. Kh1 Rae8 21. Qh4 e5 22. Qh3 f4 23. Rg1 Qc8 24. Qh2 Bc7 25. Bf1 Qd8 26. g6 Nf6 27. Bh3 1-0

[Event "FICGS W-ch st1 g06 email"]
[Site "FICGS email"]
[Date "2021.07.11"]
[Round "1"]
[White "Hilton, Stephen"]
[Black "Foster, Duncan"]
[Result "0-1"]
[WhiteElo "1695"]
[BlackElo "1931"]
[PlyCount "64"]
[EventDate "2021.??.??"]
[EventType "tourn (corr)"]
[EventRounds "8"]
[SourceTitle "Corr 2024"]
[Source "ChessBase"]
[SourceDate "2023.10.19"]
[SourceVersion "1"]
[SourceVersionDate "2023.10.19"]
[SourceQuality "1"]

1. d4 f5 2. Bg5 Nf6 3. Bxf6 exf6 4. Nd2 c5 5. Ngf3 d5 6. dxc5 Bxc5 7. Nb3 Bb6 8. e3 0-0 9. Bd3 f4 10. exf4 Re8+ 11. Kf1 Bg4 12. h3 Bh5 13. g4 Bf7 14. Nbd4 Nc6 15. c3 Bc7 16. Qd2 Qd6 17. f5 Re7 18. Kg2 a6 19. Rae1 Rae8 20. Rxe7 Rxe7 21. Re1 Rxe1 22. Qxe1 Nxd4 23. cxd4 g5 24. Qd2 h5 25. Ne5 fxe5 26. Qxg5+ Kf8 27. f6 e4 28. Qg7+ Ke8 29. Qh8+ Kd7 30. Bc2 Qh2+ 31. Kf1 Qh1+ 32. Ke2 Ba5 0-1

[Event "FICGS W-ch st1 g06 email"]
[Site "FICGS email"]
[Date "2021.07.11"]
[Round "1"]
[White "Kopasov, Evgeny"]
[Black "Foster, Duncan"]
[Result "1-0"]
[WhiteElo "2061"]
[BlackElo "1931"]
[PlyCount "79"]
[EventDate "2021.??.??"]
[EventType "tourn (corr)"]
[EventRounds "8"]
[SourceTitle "Corr 2024"]
[Source "ChessBase"]
[SourceDate "2023.10.19"]
[SourceVersion "1"]
[SourceVersionDate "2023.10.19"]
[SourceQuality "1"]

1. d4 f5 2. c4 Nf6 3. Nc3 e6 4. Qc2 Be7 5. Nf3 0-0 6. h3 d5 7. Bf4 Nh5 8. Bh2 Nc6 9. e3 Bd6 10. Bxd6 Qxd6 11. a3 Nf6 12. Bd3 a6 13. 0-0 dxc4 14. Bxc4 Ne7 15. Rac1 b5 16. Ba2 Bb7 17. Ng5 Bd5 18. Nxd5 Nexd5 19. Nf3 Rac8 20. Qc6 h6 21. Ne5 Rfd8 22. Rc2 Rb8 23. Qxd6 Rxd6 24. Rfc1 b4 25. Nc6 Rb7 26. Bxd5 Nxd5 27. a4 b3 28. Rc4 Kf7 29. g4 fxg4 30. hxg4 Kg6 31. Kg2 Kh7 32. Kg3 g5 33. Kf3 Kg6 34. Rc5 Kg7 35. a5 Kg8 36. Ke2 Kg7 37. R1c4 Kf6 38. e4 Nf4+ 39. Ke3 Kf7 40. Rb4 1-0

[Event "FICGS rapid B 000365 email"]
[Site "FICGS email"]
[Date "2021.07.09"]
[Round "1"]
[White "Laduke, Matt"]
[Black "Foster, Duncan"]
[Result "1-0"]
[WhiteElo "1941"]
[BlackElo "1931"]
[PlyCount "39"]
[EventDate "2021.??.??"]
[EventType "tourn (rapid)"]
[EventRounds "6"]
[SourceTitle "Corr 2022"]
[Source "ChessBase"]
[SourceDate "2021.10.24"]
[SourceVersion "1"]
[SourceVersionDate "2021.10.24"]
[SourceQuality "1"]

1. e4 c6 2. d4 d5 3. Nc3 dxe4 4. Nxe4 Bf5 5. Ng3 Bg6 6. h4 h6 7. Nf3 Nf6 8. Ne5 Bh7 9. Bc4 Nd5 10. Qf3 Bg8 11. 0-0 Nd7 12. Rd1 e6 13. Bxd5 cxd5 14. c4 dxc4 15. Nxc4 Rc8 16. Ne5 Nxe5 17. dxe5 Qb6 18. Be3 Qa6 19. Rac1 Rxc1 20. Rxc1 1-0

[Event "FICGS no engines 00 email"]
[Site "FICGS email"]
[Date "2021.07.06"]
[Round "1"]
[White "Brand Lyard, Paul"]
[Black "Foster, Duncan"]
[Result "0-1"]
[WhiteElo "1777"]
[BlackElo "1931"]
[PlyCount "90"]
[EventDate "2021.??.??"]
[EventType "swiss (corr)"]
[EventRounds "1"]
[SourceTitle "Corr 2024"]
[Source "ChessBase"]
[SourceDate "2023.10.19"]
[SourceVersion "1"]
[SourceVersionDate "2023.10.19"]
[SourceQuality "1"]

1. e4 c6 2. c4 d5 3. exd5 cxd5 4. c5 Nc6 5. Bb5 Qa5 6. Bxc6+ bxc6 7. Nc3 d4 8. Ne4 f5 9. Ng5 Nf6 10. Qe2 Qxc5 11. d3 e5 12. h4 Bd6 13. N1f3 h6 14. Nh3 0-0 15. Bxh6 gxh6 16. Qd2 f4 17. Rg1 Kh8 18. Ke2 Qd5 19. a4 Rb8 20. Rgb1 e4 21. dxe4 Qxe4+ 22. Kf1 Bb4 23. Qxf4 Bxh3 24. Qxe4 Bxg2+ 25. Kxg2 Nxe4 26. Ne5 Rg8+ 27. Kf3 Nd2+ 28. Ke2 Nxb1 29. Nxc6 Rbe8+ 30. Kd3 Rg1 31. Nxb4 Rd1+ 32. Kc4 Nd2+ 33. Kxd4 Rxa1 34. b3 Nf3+ 35. Kd5 Rd1+ 36. Kc5 Rc8+ 37. Nc6 Rc1+ 38. Kd6 R8xc6+ 39. Ke7 Rd1 40. h5 Rc3 41. b4 Ng5 42. b5 Rc4 43. a5 Re4+ 44. Kf6 Rf4+ 45. Kg6 Rd6# 0-1

[Event "FICGS theme 0002 email"]
[Site "FICGS email"]
[Date "2021.07.06"]
[Round "1"]
[White "Foster, Duncan"]
[Black "Tedoldi, Guido"]
[Result "0-1"]
[WhiteElo "1931"]
[BlackElo "1563"]
[PlyCount "28"]
[EventDate "2021.??.??"]
[EventType "swiss (corr)"]
[EventRounds "1"]
[SourceTitle "Corr 2022"]
[Source "ChessBase"]
[SourceDate "2021.10.24"]
[SourceVersion "1"]
[SourceVersionDate "2021.10.24"]
[SourceQuality "1"]

1. d4 Nf6 2. c4 e6 3. Nf3 b6 4. a3 Bb7 5. Nc3 d5 6. cxd5 Nxd5 7. e3 Nd7 8. Bd3 Be7 9. e4 Nxc3 10. bxc3 0-0 11. 0-0 Rc8 12. Nd2 c5 13. Nf3 h6 14. Nh4 Bxh4 0-1

[Event "FICGS no engines 00 email"]
[Site "FICGS email"]
[Date "2021.07.06"]
[Round "1"]
[White "Wood, Brian"]
[Black "Foster, Duncan"]
[Result "0-1"]
[WhiteElo "1158"]
[BlackElo "1931"]
[PlyCount "58"]
[EventDate "2021.??.??"]
[EventType "swiss (corr)"]
[EventRounds "1"]
[SourceTitle "Corr 2024"]
[Source "ChessBase"]
[SourceDate "2023.10.19"]
[SourceVersion "1"]
[SourceVersionDate "2023.10.19"]
[SourceQuality "1"]

1. d4 f5 2. g3 Nf6 3. Bg2 g6 4. Nf3 Bg7 5. c4 0-0 6. 0-0 d6 7. Nc3 Qe8 8. b3 Na6 9. Ba3 c6 10. Bb2 e5 11. dxe5 dxe5 12. e4 fxe4 13. Ng5 Nc5 14. Ncxe4 Ncxe4 15. Nxe4 Bf5 16. Nxf6+ Bxf6 17. Re1 Rd8 18. Qc1 a6 19. Ba3 Rf7 20. Qe3 Rd3 21. Qe2 Qd7 22. Rad1 e4 23. Bxe4 Bxe4 24. Rxd3 Bxd3 25. Qe8+ Qxe8 26. Rxe8+ Kg7 27. Re3 Bb1 28. Re2 Rd7 29. Kg2 Kf7 0-1

[Event "FICGS class C 000342 email"]
[Site "FICGS email"]
[Date "2021.06.06"]
[Round "1"]
[White "Foster, Duncan"]
[Black "Swiatek, Janusz"]
[Result "0-1"]
[WhiteElo "1913"]
[BlackElo "1800"]
[PlyCount "56"]
[EventDate "2021.??.??"]
[EventType "tourn (corr)"]
[EventRounds "1"]
[SourceTitle "Corr 2022"]
[Source "ChessBase"]
[SourceDate "2021.10.24"]
[SourceVersion "1"]
[SourceVersionDate "2021.10.24"]
[SourceQuality "1"]

1. e4 c5 2. a3 g6 3. b4 Bg7 4. Nc3 b6 5. Rb1 d6 6. g3 Bb7 7. Bg2 Bxc3 8. dxc3 Nf6 9. Bh6 Nxe4 10. Qd3 Qd7 11. Nf3 Qc7 12. 0-0 Nd7 13. Rbe1 f5 14. Qe2 e5 15. Nd2 Ndf6 16. Nb1 Ng8 17. Bc1 Rc8 18. Rd1 c4 19. a4 Kf7 20. g4 h6 21. Kh1 Ngf6 22. f3 Ng5 23. gxf5 gxf5 24. f4 Nge4 25. fxe5 Rcg8 26. e6+ Ke7 27. Rg1 Nh5 28. Qe1 Rg4 0-1

[Event "FICGS theme 0002 email"]
[Site "FICGS email"]
[Date "2020.12.04"]
[Round "1"]
[White "Foster, Duncan"]
[Black "Sternik, Ryszard"]
[Result "0-1"]
[WhiteElo "1916"]
[BlackElo "2119"]
[PlyCount "108"]
[EventDate "2020.??.??"]
[EventType "swiss (corr)"]
[EventRounds "1"]
[SourceTitle "Corr 2022"]
[Source "ChessBase"]
[SourceDate "2021.10.24"]
[SourceVersion "1"]
[SourceVersionDate "2021.10.24"]
[SourceQuality "1"]

1. e4 e5 2. Bc4 Nf6 3. d4 exd4 4. Nf3 Nxe4 5. Qxd4 Nf6 6. Nc3 c6 7. 0-0 Be7 8. Bg5 d5 9. Rfe1 Be6 10. Bd3 h6 11. Rxe6 fxe6 12. Bg6+ Kf8 13. Bf4 Nbd7 14. Ne5 Bc5 15. Qd2 Nxe5 16. Bxe5 h5 17. h3 Rh6 18. Bd3 Bd6 19. Bd4 e5 20. Be3 Rh8 21. Bg5 Kf7 22. Rd1 Qe7 23. Bh4 Bc7 24. Bf1 Qb4 25. g3 d4 26. Nb1 Qxd2 27. Nxd2 Rae8 28. Bxf6 gxf6 29. Bd3 Rd8 30. Bf5 Rhg8 31. Ne4 Rd5 32. Kf1 Rb5 33. b3 Ra5 34. a4 b5 35. axb5 cxb5 36. Nc5 Ra2 37. g4 Rh8 38. Kg2 Bd6 39. Nd3 hxg4 40. hxg4 a5 41. Rc1 a4 42. bxa4 bxa4 43. c4 dxc3 44. Rxc3 Rd2 45. Rc6 Rd8 46. Kf3 a3 47. Ra6 Kf8 48. Ke3 Rc2 49. Be6 e4 50. Kxe4 Re2+ 51. Kf5 Be7 52. f4 Rxd3 53. Bc4 Rde3 54. Bxe2 Rxe2 0-1